[Event "12th Chennai Open 2020"]
[Site "Chennai"]
[Date "2020.01.23"]
[Round "8.3"]
[White "Bogdanovich, Stanislav"]
[Black "Visakh N R"]
[Result "1-0"]
[WhiteElo "2562"]
[BlackElo "2518"]
[Annotator "TA"]
[PlyCount "97"]
[EventDate "2020.01.19"]
[EventType "swiss"]
[EventCountry "IND"]
[SourceTitle "playchess.com"]
[Source "ChessBase"]
[SourceQuality "1"]

{[%evp 9,97,0,24,18,28,14,37,12,3,3,25,18,37,39,43,37,46,50,48,45,47,26,38,29,52,42,74,53,44,35,77,72,72,85,68,35,39,10,26,8,59,71,70,75,70,45,176,176,162,166,170,159,193,192,192,168,213,213,230,205,206,191,191,191,389,387,422,414,404,393,432,388,219,16,16,0,55,47,51,0,0,0,102,0,0,0,38,0,268,54]} 1. d4 Nf6 2. c4 e6 3. Nf3 d5 4. g3 Bb4+ 5. Bd2 Bd6 (5... Be7 6. Bg2 Nbd7 7. O-O O-O 8. Qc2 c6 9. Bf4 b6 10. cxd5 cxd5 11. Rc1 Bb7 12. Bc7 Qe8 13. Qb3 Rc8 14. Na3 Ba6 15. Nb5 Bxb5 16. Qxb5 Nc5 17. Qxe8 Rfxe8 18. Bf4 Na4 19. Rxc8 Rxc8 20. Rc1 Rxc1+ 21. Bxc1 {0-1 (50) Giri,A (2776)-So,W (2760) Kolkata 2019}) 6. Bg2 {E01: Catalan: Early deviations} c6 7. Nc3 Nbd7 8. Qb3 {White is slightly better.} O-O 9. O-O h6 10. Bf4 Qe7 11. e3 $146 ({Predecessor:} 11. Rfe1 dxc4 12. Bxd6 Qxd6 13. Qxc4 e5 14. Rad1 exd4 15. Qxd4 Qxd4 16. Nxd4 {1-0 (54) Deepan Chakkravarthy,J (2464)-Eswar,R (2021) Nagpur 2008}) 11... dxc4 12. Bxd6 Qxd6 13. Qxc4 e5 14. Rfd1 exd4 15. Nxd4 Nb6 16. Qb3 Qe7 17. a4 c5 18. Nde2 Be6 19. Qc2 $1 a5 20. Nf4 Bc4 21. b3 Ba6 22. Ncd5 Nbxd5 23. Bxd5 {Threatens to win with Ng6.} Rfd8 24. Qc3 Nxd5 ({Better is} 24... Rac8 $11) 25. Nxd5 $14 Qd6 26. Rd2 b6 27. Rad1 Bb7 {[#]} (27... Re8 $14) 28. Nf6+ $1 $18 {[%mdl 512]} Qxf6 29. Qxf6 Rxd2 {[%cal Rd2d1]} 30. Qa1 Rad8 31. Rxd2 Rxd2 {[%mdl 4096] Endgame KQ-KRB} 32. f4 $1 Bd5 33. Qc3 $1 {[%cal Rc3d2]} Rd1+ 34. Kf2 f6 35. g4 Bf7 36. Qc2 Rh1 $2 (36... Rd6 {was called for.} 37. h4 Kf8) 37. Kg2 Ra1 {intending ...Ra3.} 38. h4 Ra3 39. g5 hxg5 40. fxg5 fxg5 41. h5 $2 (41. hxg5 $18 {Strongly threatening g6.} g6 42. Qd3 Rxb3 43. Qd8+ Kg7 44. Qf6+ Kg8 45. e4) 41... Rxb3 $11 42. Qd2 Rb4 (42... Bxh5 $11 43. Qd8+ Kh7) 43. Qd8+ $1 $14 {[%mdl 1088] Double Attack. White has compensation.} Kh7 44. Qe7 (44. Qxg5 $14 Bb3 45. Qg6+ Kh8 46. e4) 44... Bd5+ 45. Kf2 {h6 is the strong threat.} Rb2+ ({Don't play} 45... Rxa4 $6 46. h6 $16) (45... Ba2 $11 {remains equal.}) 46. Ke1 (46. Kg3 $16) 46... Rb1+ $1 $11 47. Kd2 {Black must now prevent h6.} Rb2+ 48. Kc3 Ra2 $2 {[%mdl 8192]} (48... Rb3+ $11 49. Kd2 Bg8) 49. Qxg5 $2 {Accuracy: White = 66%, Black = 46%.} (49. h6 $1 $18 {[%csl Gh6][%cal Re7g7]} Ra3+ {[#]} 50. Kc2 $1 {[%mdl 512]} Ra2+ 51. Kc1 $1 {[%mdl 512]} (51. Kb1 Kxh6 52. Qd6+ {[%mdl 64] Double Attack} g6 $16) 51... Ra1+ 52. Kb2 $1 {[%mdl 512]} Ra2+ 53. Kb1 $1 {[%mdl 512]} Kxh6 54. Qd6+ {[%mdl 64] Double Attack} g6 55. Qxd5 Rxa4 56. e4) 1-0

[Event "12th Chennai Open 2020"]
[Site "Chennai"]
[Date "2020.01.23"]
[Round "8.4"]
[White "Vishnu Prasanna. V"]
[Black "Aleksandrov, Aleksej"]
[Result "0-1"]
[WhiteElo "2474"]
[BlackElo "2592"]
[Annotator "TA"]
[PlyCount "118"]
[EventDate "2020.01.19"]
[EventType "swiss"]
[EventCountry "IND"]
[SourceTitle "playchess.com"]
[Source "ChessBase"]
[SourceQuality "1"]

{[%evp 15,118,-31,-16,-57,-49,-45,0,0,0,-26,-15,-51,0,0,0,-5,24,-2,0,-48,-42,-45,-38,-74,-71,-100,-100,-99,-98,-132,-129,-129,-121,-127,-125,-114,-130,-132,-122,-126,-110,-110,-94,-107,0,-119,-118,-175,-175,-203,-214,-194,-203,-196,-166,-152,-130,-146,-31,-17,-24,-33,-20,-38,-42,-384,-362,-404,-417,-422,-418,-401,-395,-649,-663,-656,-638,-603,-591,-516,-330,-3516,-3899,-3516,-2232,-2503,-874,-672,0,-2270,-1568,-1958,-1808,-1631,-1599,-12839,-12835,-12834,-12832,-12844,-12844,-12845,-12846,-12846,-12847]} 1. d4 Nf6 2. c4 e6 3. Nf3 d5 4. Nc3 Bb4 5. g3 dxc4 6. Bg2 Nc6 7. O-O O-O 8. a3 Be7 9. e4 {E20: Nimzo-Indian: 4 g3 and 4 f3} Na5 10. Be3 c5 11. dxc5 {The position is equal.} Nd7 12. e5 $146 ({Predecessor:} 12. Qe2 Bxc5 13. Rad1 Bxe3 14. Qxe3 Qb6 15. Qe2 Nc5 16. Ne5 Qa6 {1-0 (55) Korobov,A (2670)-Vocaturo,D (2570) Moscow 2011}) 12... Nxc5 13. Bxc5 Bxc5 (13... Qxd1 $1 $15 14. Raxd1 Bxc5) 14. Qc2 $1 $11 Be7 15. Rad1 Qc7 16. Nb5 Qb6 17. a4 h6 18. Rd4 Rd8 {aiming for ...Rxd4.} 19. Nd6 Bxd6 20. Rxd6 Rxd6 21. exd6 Bd7 $1 ({But not} 21... Qxd6 $6 22. Rd1 $11) 22. Qc3 Bc6 ({Stronger than} 22... Bxa4 23. Ra1 $16) 23. Rd1 Qb3 $1 {[%cal Rb3d1]} ({Not} 23... Bxa4 24. Ra1 $16) 24. Qxb3 cxb3 25. Ne5 Bxg2 26. Kxg2 $17 {[%mdl 4096] Endgame KRN-KRN} Rd8 27. d7 f6 28. Ng6 Kf7 29. Nh8+ Kg8 30. Ng6 Nc6 31. Nf4 {[#]} (31. h4 $17) 31... Kf7 $1 $19 32. Rd6 Ne5 33. Nxe6 Rxd7 34. Rxd7+ Nxd7 {KN-KN} 35. Nd8+ {[#]} Ke7 $1 {[%cal Re7d8]} 36. Nxb7 Nb6 (36... Ke6 $17 37. Kf3 Kd5) 37. a5 $1 $15 {[%cal Ra5b6]} Na4 38. a6 Kd7 39. Kf3 Kc7 {...Kb6 is the strong threat.} 40. Ke4 $2 {[%mdl 8192]} ({White must play} 40. Na5 $15) 40... Kb6 $19 41. Kd5 Nxb2 {Threatens to win with ...Nd1.} 42. Nc5 Nd1 43. Nxb3 Nxf2 44. Nc5 $2 (44. Nd4 Kxa6 45. Kc4) 44... Ng4 45. Ne6 g5 46. h4 Kxa6 47. Ke4 Nf2+ 48. Kf5 $2 (48. Kf3 Nd3 49. Nc7+ Kb6 50. Nd5+ Kc5 51. Nxf6) 48... Kb5 49. Nd4+ Kc5 50. Nb3+ Kb4 (50... Kc4 $142 51. Na5+ Kb5) 51. Nd4 Kc5 (51... a6 $142 52. Kxf6 Kc4) 52. Nb3+ $1 Kc4 {Black is clearly winning.} 53. Na5+ Kb5 54. Nb3 Nh1 55. Kxf6 g4 56. Kg6 Nxg3 57. Kxh6 Ne2 58. Kg5 g3 59. Nd2 Nd4 {Accuracy: White = 52%, Black = 70%.} 0-1

[Event "12th Chennai Open 2020"]
[Site "Chennai"]
[Date "2020.01.23"]
[Round "8.5"]
[White "Mchedlishvili, Mikheil"]
[Black "Mitrabha, Guha"]
[Result "1/2-1/2"]
[WhiteElo "2578"]
[BlackElo "2448"]
[Annotator "TA"]
[PlyCount "120"]
[EventDate "2020.01.19"]
[EventType "swiss"]
[EventCountry "IND"]
[SourceTitle "playchess.com"]
[Source "ChessBase"]
[SourceQuality "1"]

{[%evp 12,120,0,2,7,10,9,-18,-12,-6,-8,-15,0,0,0,-8,0,0,0,-3,1,0,0,0,0,0,11,0,0,0,0,0,20,0,0,-8,0,0,0,-22,0,0,0,0,11,11,13,14,10,16,52,54,67,52,51,15,52,0,131,131,145,154,170,180,154,0,0,0,0,0,0,0,0,0,0,0,0,0,0,0,0,0,0,0,0,0,0,0,0,0,0,0,0,0,0,0,0,0,0,0,0,0,0,0,0,0,0,0,0,0,0]} 1. e4 c6 2. d4 d5 3. exd5 cxd5 4. c4 Nf6 5. Nc3 Nc6 6. Bg5 Be6 7. a3 g6 {B13: Caro-Kann: Exchange Variation and Panov-Botvinnik Attack} ({Weaker is} 7... dxc4 8. Bxf6 gxf6 9. d5 $18) (7... Qd7 8. Nge2 dxc4 9. Bxf6 exf6 10. d5 O-O-O 11. dxc6 Qxc6 12. Qa4 Qb6 13. Qb5 Qc7 14. Ng3 a6 15. Qa4 Qf4 {1-0 (39) Inarkiev,E (2693)-Dreev,A (2670) Moscow 2018}) 8. Bxf6 exf6 9. g3 Qe7 10. Nge2 dxc4 11. Bg2 {[#] Black must now prevent d5.} Bg4 $146 ({Predecessor:} 11... Rd8 12. Qa4 Bd7 13. Qxc4 Bg7 14. O-O O-O 15. d5 {1-0 (37) Gaujens,A (2226)-Cottarelli,F (1921) ICCF email 2009}) 12. Qa4 Qd7 13. Qxc4 {And now f3 would win.} Bg7 14. h3 Bxe2 15. Qxe2+ Qe7 16. Bxc6+ bxc6 17. d5 Qxe2+ (17... Rc8 {is interesting.} 18. Rc1 cxd5 19. Qxe7+ Kxe7 20. Nxd5+ Ke6) 18. Kxe2 f5 19. dxc6 Bxc3 20. bxc3 $11 {[%mdl 4096] Endgame White wants to play Rhd1. KRR-KRR} Rc8 21. Rhb1 O-O 22. Rb4 Rxc6 23. Kd3 Rfc8 24. Rc1 Kg7 25. Rd4 Kf6 26. c4 Rb8 27. c5 h5 28. Rc3 Rb5 $1 29. Rd5 Rb2 30. f4 Ke7 31. h4 a6 32. Kc4 Re6 33. Rd4 Rb7 34. Rcd3 (34. a4 $14) 34... Re1 (34... Re4 $11) 35. Rd6 $16 Rc7 36. Rc3 ({Don't play} 36. Rxa6 $6 Rc1+ 37. Kb4 R7xc5 $11) 36... Re4+ 37. Kd5 a5 38. c6 $2 (38. Ra6 $16) 38... Rd4+ $1 $11 {The position is equal.} 39. Kxd4 Kxd6 {KR-KR} 40. Rc5 Rxc6 41. Rxa5 Rc1 42. Re5 Rd1+ 43. Kc3 Rg1 44. Re3 Kc5 45. a4 Rc1+ 46. Kb2 Rg1 47. Rb3 Rg2+ 48. Ka3 Rg1 49. Rc3+ Kb6 $1 50. Kb4 Rb1+ 51. Rb3 Rc1 52. Re3 Rb1+ 53. Kc4 {[#] Strongly threatening Rb3+.} Ra1 54. Kb4 Rb1+ 55. Rb3 Rc1 56. Ra3 Rb1+ 57. Kc4 {Threatens to win with Rb3+.} Ka5 58. Kd4 Re1 59. Re3 Rd1+ 60. Ke5 Kxa4 {Accuracy: White = 76%, Black = 61%.} 1/2-1/2

[Event "12th Chennai Open 2020"]
[Site "Chennai"]
[Date "2020.01.23"]
[Round "8.6"]
[White "Neelotpal, Das"]
[Black "Rozum, Ivan"]
[Result "0-1"]
[WhiteElo "2436"]
[BlackElo "2573"]
[Annotator "TA"]
[PlyCount "143"]
[EventDate "2020.01.19"]
[EventType "swiss"]
[EventCountry "IND"]
[SourceTitle "playchess.com"]
[Source "ChessBase"]
[SourceQuality "1"]

{[%evp 19,143,0,13,20,23,19,35,0,-5,-27,-37,-34,-27,-26,-31,-21,-27,-65,-32,-42,-41,-46,-38,-38,-33,-40,-8,-36,-30,-50,-39,-48,-47,-49,-11,-34,-8,-12,-28,-23,0,-27,-19,-22,-25,-25,-27,-27,-26,-17,-25,-43,0,-25,-24,-38,-38,-40,-38,-41,-41,-41,-37,-45,-22,-22,-22,-22,-22,-22,-23,-27,-16,-13,-9,-12,-14,-16,-8,-8,-8,-15,-18,-17,-8,-10,-8,-83,-83,-108,-113,-117,-117,-180,-170,-133,-35,-33,-37,-30,-30,-30,-30,-30,-8,-8,0,-8,0,-1551,-1179,-4627,-4622,-29974,-29977,-29977,-29978,-29978,-29979,-29979,-29980,-29980,-29980,-29975,-29975,-29956]} 1. d4 Nf6 2. c4 e6 3. Nc3 Bb4 4. e3 O-O 5. Bd2 d5 6. Nf3 b6 7. Rc1 Bb7 8. cxd5 exd5 9. Bd3 a6 {9...Be7 is the hot move.} 10. O-O Bd6 11. Ne5 {E52: Nimzo-Indian: Rubinstein: 4...0-0 5 Nf3 d5 6 Bd3 b6.} c5 12. f4 Nc6 13. Ne2 {[%cal Bc3e2,Be2g3,Bg3f5][%mdl 32] White is slightly better.} Rc8 {[#]} 14. Ng3 $146 (14. a3 {feels hotter.} Re8 15. Be1 cxd4 16. exd4 Ne4 17. Bc2) ({Predecessor:} 14. Bc3 Ne7 15. dxc5 bxc5 16. Ng3 d4 17. exd4 cxd4 18. Bd2 Rxc1 19. Bxc1 Bc5 20. Qc2 {0-1 (44) Brazdzionis,A (2355)-Barp,A (2382) Budva 2019}) 14... cxd4 15. Nxc6 Rxc6 16. Rxc6 Bxc6 17. exd4 Re8 18. Qb3 Bb7 19. Nf5 Bc7 20. Qc2 Qd7 21. Rc1 Bb8 22. Qd1 Bc8 23. Nh4 Ne4 24. Nf3 f6 25. Be3 Bb7 26. Qb3 Qe6 27. f5 Qd6 (27... Qe7 $5 {[%cal Re4c5]} 28. Bxe4 Qxe4 $15 {[%mdl 64] Double Attack}) 28. Bxe4 Rxe4 29. Bf2 Qf4 30. Rf1 Qxf5 31. Qxb6 Qd7 32. Bg3 Re6 33. Qc5 Rc6 34. Qb4 Rc4 35. Qb6 Rc6 36. Qb4 Ba7 37. Ne5 a5 $1 {[%cal Ra5b4]} 38. Nxd7 {[%csl Gd7][%cal Rb4f8]} axb4 39. Nc5 Bxc5 40. dxc5 Rxc5 $15 {[%mdl 4096] Endgame KRB-KRB} 41. Bd6 Rc2 {Strongly threatening ...Ba6.} 42. Rf2 {[#]} b3 $1 {[%mdl 512]} 43. axb3 Rc1+ 44. Rf1 Rc6 45. Bb4 Rb6 46. Rf4 Kf7 47. Rd4 Ke6 48. Kf2 Ba6 49. g3 g5 50. h4 {[#]} Bd3 $1 {[%mdl 512]} 51. Bc3 (51. Rxd3 Rxb4) 51... Be4 52. Ke3 Kf5 53. Rd1 (53. b4 $11) 53... Kg4 $1 $17 54. hxg5 fxg5 55. b4 Kxg3 56. Kd4 (56. Rg1+ $17 {keeps fighting.} Kh4 57. Kd4) 56... h5 $19 57. Kc5 {[#]} Re6 (57... Rb7 $1 $17 58. Bd4 Kf3) 58. Bd4 $15 h4 59. b5 h3 {Hoping for ...Re7.} 60. b6 $1 {[%cal Rb6b7] b7 is the strong threat.} Re7 {White must now prevent ...g4.} 61. Kc6 h2 62. b7 Re8 63. Kd7 Rg8 64. Kc7 $2 {[%mdl 8192]} (64. Be5+ $11 Kh3 65. b8=R Rxb8 66. Bxb8) 64... h1=Q $19 65. Rxh1 Bxh1 66. b8=Q Rxb8 {Black mates.} 67. Kxb8 {KB-KB} Kf4 68. b4 {[#]} Ke4 $1 69. Bf6 g4 70. b5 d4 71. Kc7 d3 72. b6 {Accuracy: White = 83%, Black = 91%.} 0-1

[Event "12th Chennai Open 2020"]
[Site "Chennai"]
[Date "2020.01.23"]
[Round "8.7"]
[White "Girinath, P.D.S."]
[Black "Stupak, Kirill"]
[Result "0-1"]
[WhiteElo "2340"]
[BlackElo "2506"]
[Annotator "ChessBase"]
[PlyCount "107"]
[EventDate "2020.01.19"]
[EventType "swiss"]
[EventCountry "IND"]
[SourceTitle "playchess.com"]
[Source "ChessBase"]
[SourceQuality "1"]
[TimeControl "5400+30"]

1. e4 {[%emt 0:00:00]} e6 {[%emt 0:00:00]} 2. d4 {[%emt 0:03:52]} d5 {[%emt 0:00:00]} 3. Nc3 {[%emt 0:00:34]} Nc6 {[%emt 0:00:22]} 4. Nf3 {[%emt 0:01:38]} Nf6 {[%emt 0:00:01]} 5. e5 {[%emt 0:18:01]} Ne4 {[%emt 0:00:06]} 6. Bd3 {[%emt 0:04:23]} Bb4 {[%emt 0:00:19]} 7. O-O {[%emt 0:02:24]} Nxc3 {[%emt 0:00:03]} 8. bxc3 {[%emt 0:00:08]} Bxc3 {[%emt 0:00:03]} 9. Rb1 {[%emt 0:00:26]} h6 {[%emt 0:10:26]} 10. Rb3 {[%emt 0:21:18]} Bxd4 {[%emt 0:10:12]} 11. Nxd4 {[%emt 0:02:14]} Nxd4 {[%emt 0:00:01]} 12. Rb2 {[%emt 0:10:58]} Nf5 {[%emt 0:08:24]} 13. Bxf5 {[%emt 0:03:26]} exf5 {[%emt 0:00:04]} 14. c4 {[%emt 0:00:39]} d4 {[%emt 0:12:13]} 15. c5 {[%emt 0:00:59]} Qd5 {[%emt 0:08:54]} 16. Be3 {[%emt 0:13:47]} Be6 {[%emt 0:03:03]} 17. Qa4+ {[%emt 0:01:50]} Bd7 {[%emt 0:04:28]} 18. Qxd4 {[%emt 0:00:11]} Qxd4 {[%emt 0:00:10]} 19. Bxd4 {[%emt 0:00:07]} Bc6 {[%emt 0:00:01]} 20. f4 {[%emt 0:13:05]} O-O-O {[%emt 0:02:03]} 21. Rd1 {[%emt 0:00:00]} Rd7 {[%emt 0:02:18]} 22. Kf2 {[%emt 0:00:00]} Rhd8 {[%emt 0:02:35]} 23. Ke3 {[%emt 0:00:00]} b6 {[%emt 0:00:54]} 24. Rbd2 {[%emt 0:00:00]} Ba4 {[%emt 0:01:37]} 25. Rc1 {[%emt 0:00:00]} Kb7 {[%emt 0:00:05]} 26. Bc3 {[%emt 0:01:30]} Rxd2 {[%emt 0:01:38]} 27. Bxd2 {[%emt 0:00:01]} Bb5 {[%emt 0:00:00]} 28. Rc3 {[%emt 0:00:14]} bxc5 {[%emt 0:01:11]} 29. Bc1 {[%emt 0:00:58]} Rd1 {[%emt 0:02:38]} 30. Rxc5 {[%emt 0:00:44]} Bc6 {[%emt 0:00:01]} 31. g4 {[%emt 0:00:52]} fxg4 {[%emt 0:00:34]} 32. f5 {[%emt 0:00:24]} Rf1 {[%emt 0:02:09]} 33. e6 {[%emt 0:00:16]} fxe6 {[%emt 0:00:30]} 34. fxe6 {[%emt 0:00:04]} Re1+ {[%emt 0:00:00]} 35. Kf4 {[%emt 0:00:09]} Rxe6 {[%emt 0:00:00]} 36. Kxg4 {[%emt 0:00:56]} Re2 {[%emt 0:00:00]} 37. Bf4 {[%emt 0:00:18]} Rxa2 {[%emt 0:00:27]} 38. Re5 {[%emt 0:00:14]} Ra4 {[%emt 0:03:58]} 39. h4 {[%emt 0:00:43]} Bd7+ {[%emt 0:00:07]} 40. Kf3 {[%emt 0:00:20]} Ra1 {[%emt 0:07:40]} 41. Re7 {[%emt 0:01:07]} Rf1+ {[%emt 0:00:11]} 42. Kg3 {[%emt 0:00:12]} Kc8 {[%emt 0:00:17]} 43. Be3 {[%emt 0:00:35]} a5 {[%emt 0:03:20]} 44. Rxg7 {[%emt 0:01:10]} a4 {[%emt 0:00:01]} 45. Kg2 {[%emt 0:00:36]} Rd1 {[%emt 0:01:55]} 46. Rg8+ {[%emt 0:00:50]} Kb7 {[%emt 0:00:01]} 47. Bxh6 {[%emt 0:00:09]} a3 {[%emt 0:00:36]} 48. Bg7 {[%emt 0:00:37]} a2 {[%emt 0:00:23]} 49. h5 {[%emt 0:00:24]} Bc6+ {[%emt 0:00:40]} 50. Kf2 {[%emt 0:00:25]} Rd2+ {[%emt 0:03:47]} 51. Ke3 {[%emt 0:00:13]} Rg2 {[%emt 0:00:08]} 52. h6 {[%emt 0:00:13]} Rxg7 {[%emt 0:00:04]} 53. hxg7 {[%emt 0:00:36]} Bd5 {[%emt 0:00:01]} 54. Kd4 {[%emt 0:02:10]} 0-1

[Event "12th Chennai Open 2020"]
[Site "Chennai"]
[Date "2020.01.23"]
[Round "8.8"]
[White "Venkatesh, M.R."]
[Black "Eraschenkov, Denis"]
[Result "1-0"]
[WhiteElo "2501"]
[BlackElo "2370"]
[Annotator "ChessBase"]
[PlyCount "79"]
[EventDate "2020.01.19"]
[EventType "swiss"]
[EventCountry "IND"]
[SourceTitle "playchess.com"]
[Source "ChessBase"]
[SourceQuality "1"]
[TimeControl "5400+30"]

1. e4 {[%emt 0:01:32]} e6 {[%emt 0:00:00]} 2. d4 {[%emt 0:00:11]} d5 {[%emt 0:00:04]} 3. Nd2 {[%emt 0:00:06]} a6 {[%emt 0:00:20]} 4. Ngf3 {[%emt 0:05:52]} c5 {[%emt 0:00:33]} 5. dxc5 {[%emt 0:01:23]} Bxc5 {[%emt 0:00:22]} 6. Bd3 {[%emt 0:00:10]} Nf6 {[%emt 0:01:54]} 7. e5 {[%emt 0:02:37]} Nfd7 {[%emt 0:00:57]} 8. Nb3 {[%emt 0:00:46]} Ba7 {[%emt 0:07:40]} 9. Bf4 {[%emt 0:25:45]} Nc6 {[%emt 0:02:32]} 10. O-O {[%emt 0:00:30]} f6 {[%emt 0:16:45]} 11. exf6 {[%emt 0:08:58]} Qxf6 {[%emt 0:02:08]} 12. Bg5 {[%emt 0:01:21]} Qf7 {[%emt 0:11:09]} 13. Be3 {[%emt 0:04:24]} h6 {[%emt 0:13:02]} 14. Bxa7 {[%emt 0:05:54]} Rxa7 {[%emt 0:00:49]} 15. Nh4 {[%emt 0:00:07]} Nde5 {[%emt 0:06:55]} 16. f4 {[%emt 0:00:47]} Nxd3 {[%emt 0:00:34]} 17. Qxd3 {[%emt 0:00:48]} O-O {[%emt 0:02:47]} 18. Ng6 {[%emt 0:13:54]} Re8 {[%emt 0:06:56]} 19. Rae1 {[%emt 0:02:49]} b6 {[%emt 0:02:49]} 20. Ne5 {[%emt 0:02:33]} Nxe5 {[%emt 0:01:12]} 21. Rxe5 {[%emt 0:00:07]} a5 {[%emt 0:13:22]} 22. Qe3 {[%emt 0:00:22]} Rc7 {[%emt 0:02:10]} 23. Nd4 {[%emt 0:00:25]} Rf8 {[%emt 0:00:46]} 24. c3 {[%emt 0:02:24]} Rc4 {[%emt 0:01:07]} 25. g3 {[%emt 0:02:32]} Rc5 {[%emt 0:03:31]} 26. Re1 {[%emt 0:01:06]} Rd8 {[%emt 0:01:10]} 27. Nxe6 {[%emt 0:11:12]} Bxe6 {[%emt 0:00:10]} 28. Rxe6 {[%emt 0:00:02]} d4 {[%emt 0:00:33]} 29. cxd4 {[%emt 0:00:13]} Rc4 {[%emt 0:01:01]} 30. Rxb6 {[%emt 0:04:54]} Rc2 {[%emt 0:01:00]} 31. a3 {[%emt 0:01:08]} Kh8 {[%emt 0:00:32]} 32. Re6 {[%emt 0:00:32]} Rcc8 {[%emt 0:00:34]} 33. Qe5 {[%emt 0:00:25]} Kh7 {[%emt 0:00:27]} 34. Re7 {[%emt 0:00:08]} Qf8 {[%emt 0:00:28]} 35. f5 {[%emt 0:00:31]} Rc6 {[%emt 0:00:05]} 36. Re6 {[%emt 0:00:40]} Rc4 {[%emt 0:00:57]} 37. f6 {[%emt 0:00:29]} Rcxd4 {[%emt 0:00:18]} 38. fxg7 {[%emt 0:00:40]} Qf7 {[%emt 0:00:02]} 39. g8=Q+ {[%emt 0:00:36]} Qxg8 {[%emt 0:00:29]} 40. Qf5+ {[%emt 0:00:23]} 1-0

[Event "12th Chennai Open 2020"]
[Site "Chennai"]
[Date "2020.01.23"]
[Round "8.9"]
[White "Vasquez Schroeder, Rodrigo"]
[Black "Jubin Jimmy"]
[Result "0-1"]
[WhiteElo "2487"]
[BlackElo "2193"]
[Annotator "ChessBase"]
[PlyCount "148"]
[EventDate "2020.01.19"]
[EventType "swiss"]
[EventCountry "IND"]
[SourceTitle "playchess.com"]
[Source "ChessBase"]
[SourceQuality "1"]
[TimeControl "5400+30"]

1. d4 {[%emt 0:01:38]} Nf6 {[%emt 0:00:00]} 2. c4 {[%emt 0:00:05]} e6 {[%emt 0:00:00]} 3. Nf3 {[%emt 0:00:07]} Bb4+ {[%emt 0:00:00]} 4. Nbd2 {[%emt 0:00:10]} O-O {[%emt 0:00:00]} 5. a3 {[%emt 0:00:09]} Be7 {[%emt 0:00:02]} 6. e4 {[%emt 0:00:07]} d6 {[%emt 0:00:07]} 7. Be2 {[%emt 0:00:37]} Nbd7 {[%emt 0:00:23]} 8. Qc2 {[%emt 0:00:39]} e5 {[%emt 0:00:30]} 9. O-O {[%emt 0:03:11]} a5 {[%emt 0:01:04]} 10. b3 {[%emt 0:00:12]} c6 {[%emt 0:03:21]} 11. Bb2 {[%emt 0:00:22]} Qc7 {[%emt 0:01:10]} 12. Rfe1 {[%emt 0:00:54]} Re8 {[%emt 0:02:22]} 13. Bf1 {[%emt 0:00:07]} Bf8 {[%emt 0:01:48]} 14. h3 {[%emt 0:02:33]} h6 {[%emt 0:07:34]} 15. Rad1 {[%emt 0:01:13]} Nh7 {[%emt 0:10:43]} 16. b4 {[%emt 0:04:06]} axb4 {[%emt 0:01:22]} 17. axb4 {[%emt 0:00:06]} b6 {[%emt 0:10:23]} 18. Qb3 {[%emt 0:01:56]} c5 {[%emt 0:15:22]} 19. dxc5 {[%emt 0:10:06]} dxc5 {[%emt 0:01:34]} 20. b5 {[%emt 0:00:06]} Be7 {[%emt 0:00:49]} 21. Nb1 {[%emt 0:01:28]} Nhf8 {[%emt 0:00:28]} 22. Nc3 {[%emt 0:00:07]} Ne6 {[%emt 0:01:07]} 23. Nd5 {[%emt 0:00:19]} Qb8 {[%emt 0:00:31]} 24. Ra1 {[%emt 0:05:12]} Rxa1 {[%emt 0:01:01]} 25. Rxa1 {[%emt 0:00:07]} Bd6 {[%emt 0:02:53]} 26. Nh4 {[%emt 0:02:02]} Nd4 {[%emt 0:03:32]} 27. Qg3 {[%emt 0:01:52]} Bb7 {[%emt 0:00:53]} 28. Bc1 {[%emt 0:09:36]} Kh8 {[%emt 0:06:32]} 29. Nf3 {[%emt 0:07:24]} Bxd5 {[%emt 0:03:39]} 30. cxd5 {[%emt 0:00:07]} Nf6 {[%emt 0:00:19]} 31. Nd2 {[%emt 0:00:12]} Qb7 {[%emt 0:03:31]} 32. Ra6 {[%emt 0:00:21]} Rb8 {[%emt 0:01:15]} 33. Qa3 {[%emt 0:02:19]} Qc7 {[%emt 0:03:10]} 34. Ra7 {[%emt 0:03:06]} Rb7 {[%emt 0:03:31]} 35. Rxb7 {[%emt 0:01:08]} Qxb7 {[%emt 0:00:01]} 36. Qa6 {[%emt 0:00:22]} Qc7 {[%emt 0:00:21]} 37. Bd3 {[%emt 0:01:17]} Nd7 {[%emt 0:02:40]} 38. Nc4 {[%emt 0:00:26]} Kh7 {[%emt 0:00:24]} 39. Be3 {[%emt 0:01:18]} Qb8 {[%emt 0:02:17]} 40. Kf1 {[%emt 0:01:53]} g6 {[%emt 0:00:55]} 41. g3 {[%emt 0:00:16]} Kg7 {[%emt 0:00:10]} 42. Kg2 {[%emt 0:00:27]} Kh7 {[%emt 0:00:43]} 43. Qa3 {[%emt 0:05:46]} Bf8 {[%emt 0:02:51]} 44. Qa4 {[%emt 0:01:44]} Bd6 {[%emt 0:00:42]} 45. f3 {[%emt 0:01:07]} Kg7 {[%emt 0:01:43]} 46. h4 {[%emt 0:00:24]} Kh7 {[%emt 0:00:49]} 47. Kf2 {[%emt 0:02:18]} Kg7 {[%emt 0:00:08]} 48. Kg2 {[%emt 0:02:57]} Kh7 {[%emt 0:00:52]} 49. Qa3 {[%emt 0:01:06]} Bf8 {[%emt 0:00:31]} 50. Qa2 {[%emt 0:01:39]} Bd6 {[%emt 0:00:12]} 51. Kf2 {[%emt 0:00:35]} Kg7 {[%emt 0:01:10]} 52. Bf1 {[%emt 0:00:45]} Bc7 {[%emt 0:01:00]} 53. Bh3 {[%emt 0:00:23]} Nf6 {[%emt 0:00:07]} 54. Qd2 {[%emt 0:03:40]} Ng8 {[%emt 0:00:57]} 55. Bd7 {[%emt 0:01:27]} Kh7 {[%emt 0:01:27]} 56. Kg2 {[%emt 0:01:15]} Qd8 {[%emt 0:01:09]} 57. Bc6 {[%emt 0:00:12]} Kg7 {[%emt 0:00:34]} 58. Bxd4 {[%emt 0:00:57]} cxd4 {[%emt 0:00:20]} 59. Qb4 {[%emt 0:00:36]} Nf6 {[%emt 0:00:16]} 60. d6 {[%emt 0:00:33]} Bb8 {[%emt 0:00:11]} 61. g4 {[%emt 0:01:50]} Nh7 {[%emt 0:01:09]} 62. Kg3 {[%emt 0:01:01]} Nf8 {[%emt 0:00:11]} 63. Qa3 {[%emt 0:01:16]} Ne6 {[%emt 0:01:00]} 64. Bd5 {[%emt 0:00:55]} Nf4 {[%emt 0:01:17]} 65. Qa8 {[%emt 0:03:26]} Ne2+ {[%emt 0:01:44]} 66. Kf2 {[%emt 0:00:10]} Nc3 {[%emt 0:00:19]} 67. g5 {[%emt 0:00:31]} hxg5 {[%emt 0:00:03]} 68. Qb7 {[%emt 0:00:04]} Qf6 {[%emt 0:01:48]} 69. Bxf7 {[%emt 0:07:23]} Qxf7 {[%emt 0:02:15]} 70. Qxb8 {[%emt 0:00:13]} g4 {[%emt 0:00:48]} 71. Nxe5 {[%emt 0:00:39]} Qa2+ {[%emt 0:00:32]} 72. Kg3 {[%emt 0:00:12]} Ne2+ {[%emt 0:00:01]} 73. Kf2 {[%emt 0:01:18]} Nf4+ {[%emt 0:00:13]} 74. Kg3 {[%emt 0:00:05]} Nh5+ {[%emt 0:02:14] Kf2} 0-1